Rational choice and judment: decision analysis for the decider
Guardat en:
| Autor principal: | |
|---|---|
| Format: | Llibre |
| Idioma: | anglès |
| Publicat: |
Hoboken
Wiley-Interscience
2005
|
| Matèries: | |
| Etiquetes: |
Afegir etiqueta
Sense etiquetes, Sigues el primer a etiquetar aquest registre!
|
MARC
| LEADER | 00000nam a2200000 a 4500 | ||
|---|---|---|---|
| 001 | UCI0890 | ||
| 003 | CL-VaPUC | ||
| 008 | 070601e20050000us |||||||||||||||||eng|d | ||
| 020 | |a 0471202371 | ||
| 082 | 0 | 4 | |a 658.403 |b BRO |2 21 |
| 100 | 0 | |a Brown, Rex |e author |9 521075 | |
| 245 | 1 | 0 | |a Rational choice and judment: decision analysis for the decider |
| 300 | |a 245 p | ||
| 942 | |c BK | ||
| 945 | |d 20070601 00:00:00 |a jtorresc | ||
| 260 | |a Hoboken |b Wiley-Interscience |c 2005 | ||
| 650 | 0 | |a Administración |9 259325 | |
| 650 | 0 | |a Toma de decisiones |9 257530 | |
| 650 | 7 | |a TEORIA DE LAS DECISIONES |2 CL-VaPUC |9 260992 | |
| 583 | |a last modification |c 20171221 02:34:26 |k Rodrigo Vera | ||
| 999 | |c 325863 |d 325861 | ||
| 952 | |0 0 |1 0 |4 0 |6 658_403000000000000_BRO_2005 |7 0 |8 A |9 407320 |a BIBING |b BIBING |d 2019-11-22 |i 4343964 |o 658.403 BRO 2005 |p 4343964 |r 2025-01-20 |w 2019-11-22 |y BK |k EII | ||